00380nam a2200133Ia 4500003000400000008004100004040001600045082001600061100001900077245005800096260006300154300001000217650001900227GCL140319s9999 xx 000 0 ara d aGCL / cGCL04a892.76bN L1 aNAGUIB MAHFOUZ10aLORONG MIDAQ (INDONESION LANGUAGE) / cNAGUIB MAHFOUZ a[S.N] : bTHE AMERICAN UNIVERSITY IN CAIRO PRESS ، c1991 a421 P04aNAGUIB MAHFOUZ